MDQL
is popping MORE tags! Check the
thread
!
Quizzes
Events
Quiz Creation
Community
Videos
Private Events
Remove Ads
Sign In
Join for FREE
Feedback
Dark Mode
Quiz Categories
Sports
Geography
Music
Movies
Television
Just For Fun
Miscellaneous
History
Literature
Language
Science
Gaming
Entertainment
Religion
Holiday
For Kids
Quiz Lab
Recent
Popular Today
Quiz Kudos Today
Editor Picks
Curator Picks
Quizzes by...
Day
Popularity
Type
Ratings
Length
Year
Community
Subscriptions
Recent Discussions
Orange Saloon
Badges
Playlists
Quests
Create
Leaderboards
Showdown
Live 5
Trivia Bingo
Activity
Puzzle Library
Sporcle Events
Private Events
Virtual Trivia
Globe League
Become a Host
Pub Owners
SporcleCon
Opinionation
Our Games
Videos
Blog
Mobile Apps
Partnerships
Remove Ads and Go Orange
Feedback
History
US Presidents
World Leaders
Politics
Nation
Discovery
War
Decade
Year
Century
Biography
Art
History
US Presidents
World Leaders
Politics
Nation
Discovery
War
Decade
Year
Century
Biography
Art
Random Quiz
Search Sporcle
×
Quiz Lab
Quiz Lab
History
Africa
Type in answers that appear in a list
Type in answers that appear in a list
Classic
Best Score? Go Orange.
African Rulers Stats
Can you name the African countries by their long time rulers?
By
Scorpio
8m
40 Questions
113 Plays
113 Plays
113 Plays
Comments
Comments
Give Quiz Kudos
Give Quiz Kudos
-
- Ratings
hide this ad
Forced Order
Answers have to be entered in order
Answers have to be entered in order
Replay
Link that replays current quiz
Next Quiz
Link to next quiz in quiz playlist
You Got
0%
They Got
Avg Score
50%
Avg Friend Score
Upgrade to see
Score Distribution
Jump to the score distribution portion of the page
Score
0/40
Timer
08:00
0
Plays Today
Ruler
Country
% Correct
Haile Selassie
Ethiopia
93.8%
Muammar al Gaddafi
Libya
86.7%
Jomo Kenyatta
Kenya
81.4%
Hosni Mubarak
Egypt
80.5%
Robert Mugabe
Zimbabwe
80.5%
José Eduardo dos Santos
Angola
73.5%
Omar al Bashir
Sudan
72.6%
Mobutu Sese Seko
Democratic Republic of the Congo
69%
Hassan II
Morocco
66.4%
Mswati III
Swaziland
65.5%
Mohamed Siad Barre
Somalia
57.5%
William Tubman
Liberia
54%
Jean-
Bédel Bokassa
Central African Republic
52.2%
Julius Nyerere
Tanzania
51.3%
Félix Houphouët-
Boigny
Côte d'Ivoire
49.6%
Kenneth Kaunda
Zambia
47.8%
Ahmed Sékou Touré
Guinea
47.8%
Abdou Diouf
Senegal
46.9%
Omar Bongo
Gabon
46%
Jerry Rawlings
Ghana
45.1%
Ruler
Country
% Correct
Paul Biya
Cameroon
44.2%
Zine El Abidine Ben Ali
Tunisia
44.2%
Yoweri Museveni
Uganda
42.5%
Houari Boumédiène
Algeria
42.5%
Joaquim Chissano
Mozambique
42.5%
Gnassingbé Eyadéma
Togo
41.6%
Hastings Kamuzu Banda
Malawi
40.7%
João Bernardo Vieira
Guinea Bissau
39.8%
Paul Kagame
Rwanda
38.9%
Idriss Déby
Chad
37.2%
Sam Nujoma
Namibia
36.3%
Isaias Afewerki
Eritrea
36.3%
Mathieu Kérékou
Benin
36.3%
Moussa Traoré
Mali
35.4%
Teodoro Obiang Nguema Mbasogo
Equatorial Guinea
34.5%
Didier Ratsiraka
Madagascar
34.5%
Blaise Compaoré
Burkina Faso
32.7%
Seretse Khama
Botswana
31%
Denis Sassou Nguesso
Republic of the Congo
27.4%
Yahya Jammeh
The Gambia
23%
Quiz Playlist
Details
Report
Send in Message
Add To Playlist
Classic:
Type in answers that appear in a list
Forced Order:
Answers have to be entered in order
Last Updated: May 2, 2021
Quiz Scoreboard
CHALLENGE
Sign Up to Join the Scoreboard
Show All
Scores
Hide
Comments
May contain spoilers
Recently Published
5x2 Blitz: Bands
by SL_Kpop136
Music
30s
Colored Red Africa Blitz
by spor1
Geography
30s
Find the 'City' Movie
by crazypaving
Movies
60s
More to Explore
Quiz From the Vault
Featured Blog Post
14 Easter Pick-up Lines to Find Eggs With
hide this ad
You Might Also Like...
Tags
Africa Quiz
Country Quiz
long
Power
Ruler
Today's Top Quizzes in History
Browse History
hide this ad
Today's Top Quizzes in Africa
Browse Africa
Top Contributed Quizzes in History
1
Popular People in 1991
2
US National Parks Named After People
3
Popular People in 1951
4
Order Up: 1000 Years of World Events I
5
Popular People in 1941
6
Popular People in 1981
7
Popular People in 1986
8
Popular People in 1921
9
Popular People in 1976
10
Magic 10 Blitz: U.S. Presidents
Explore More
Trending Topics
Kpop
Harry Potter
Crossword
NBA
Marvel
Anime
Disney
Soccer
The Office
NFL
Country
WWE
Song
Puzzle
Pokémon
hide this ad
More By:
Scorpio
Quiz
Plays
Rating
Category
Featured
Created
Second 'U' Countries
150,656
4.53
Geography
Apr 24, 2010
Best African Olympic Countries
69,793
4.49
Sports
Nov 25, 2009
Premier League Darts
12,701
4.40
Sports
Feb 12, 2010
Historical Events of 1986
11,536
4.64
History
Jul 2, 2011
Largest European 'B' Cities
6,808
4.67
Geography
Jun 12, 2010
Go to Creator's Profile
Score Distribution
Quiz Creator Spotlight
Scorpio
Follow
Send a Message
Quizzes Created
-
Created Quiz Play Count
-
More By This Creator
Popular Quizzes Today
1
Colored Red Africa Blitz
2
Find the 'City' Movie
3
Find the US States - No Outlines Minefield
4
5x2 Blitz: Bands
5
The Countries of the World
6
Find the US States
7
US States
8
9x9 Crossword: Cartoon Network
More History Quizzes
In Memoriam: 2008
Published
Trending Quizzes
Colored Red Europe Blitz I
Colored Red Europe Blitz II
Colored Red Africa Blitz II
Colored Red Europe Blitz III
Colored Red Africa Blitz III
Recently Updated
How Do You Spell That?
pecheneg
Godzilla Movies
pecheneg
Grab Bag: 4-10 Letters
pecheneg
2024 March Madness Bracket
pecheneg
Famous TV Couples
Peacemaker
Champions League XIs: Real Madrid
pecheneg
Largest US Cities 1790-2010
pecheneg
Rides in Walt Disney World
pecheneg
Most Oscar Losses (Acting)
pecheneg
Beyoncé Albums
pecheneg
Trending Topics
NBA
Harry Potter
Crossword
Marvel
Disney
Anime
Kpop
Pokémon
The Office
WWE
NFL
Song
Puzzle
Country
Soccer
Your Account Isn't Verified!
In order to create a playlist on Sporcle, you need to verify the email address you used during registration. Go to your
Sporcle Settings
to finish the process.
Report this User
Report this user for behavior that violates our
Community Guidelines
.
Details:
Send Report
Go to the Sporcle.com Mobile Site →
Comments